|
|
|
|
| LEADER |
00000nam a2200000 a 4500 |
| 001 |
vtls008859000 |
| 003 |
SK-MaSNL |
| 005 |
20260301230646.0 |
| 008 |
031216s1580 gw 1 0 lat |
| 015 |
|
|
|a SNBHFA
|
| 035 |
|
|
|a cpl000119769
|
| 040 |
|
|
|a SNKHF
|b slo
|c SNKHF
|e rda
|
| 041 |
0 |
|
|a lat
|
| 044 |
|
|
|a gw
|c DE
|
| 072 |
|
7 |
|a 82
|x Literatúra. Literárny život
|2 konspekt
|
| 080 |
|
|
|a 82
|2 2011
|
| 100 |
1 |
|
|a Sadoleto, Giacomo,
|d 1477-1547
|4 aut
|9 130285
|
| 245 |
1 |
0 |
|a Epistolarvm Libri Sexdecim. Nunc multo quam antehac vnquam diligentius recogniti, atq; in lucem aediti. Eivsdem Ad Pavlvm Sadoletum Epistolarum liber vnus. His in super adiectus Commentarius Antonij Florebelli vitam autoris eleganter declarans
|c Iacobi Sadoleti Episcopi Carpentoracti, S.R.E. Cardinalis
|
| 264 |
|
3 |
|a Coloniae Agrippinae
|b Excudebat Petrus Horst
|c 1580
|
| 300 |
|
|
|a 26 nečíslovaných strán, zachované strany 11- 730
|c 8°
|c 16,5 x 11 cm
|
| 336 |
|
|
|a text
|b txt
|2 rdacontent
|
| 337 |
|
|
|a bez média
|b n
|2 rdamedia
|
| 338 |
|
|
|a zväzok
|b nc
|2 rdacarrier
|
| 500 |
|
|
|a Signet, iniciálky s ornamentálnym pozadím v rámčeku na 5 riadkov, kustódy
|
| 504 |
|
|
|a Marginálie
|
| 510 |
4 |
|
|a Adams S/86
|
| 546 |
|
|
|a Latinčina
|b Kurzíva
|
| 562 |
|
|
|a Defekt: chýba koniec.
|5 SNK ID 67621
|
| 562 |
|
|
|a Rukopisné poznámky v latinčine.
|5 SNK ID 67621
|
| 563 |
|
|
|a Väzba: lepenková.
|5 SNK ID 67621
|
| 650 |
0 |
7 |
|a literatúra
|2 SNKPH
|9 1427
|
| 700 |
1 |
|
|a Horst, Peter,
|d zomrel 1591
|4 prt
|9 128311
|
| 700 |
1 |
|
|a Sadoleto, Paolo
|4 hnr
|9 91423
|
| 700 |
1 |
|
|a Fiordibello, Antonio,
|d 1510-1574
|4 aka
|9 127635
|
| 700 |
0 |
|
|a Pavol
|b III.,
|c pápež,
|d 1468-1549
|4 hnr
|9 56613
|
| 710 |
0 |
|
|a Horst, Peter (Kolín nad Rýnom, Nemecko),
|d 1550-1591
|4 prt
|9 181817
|
| 752 |
|
|
|a Nemecko
|d Kolín nad Rýnom
|
| 852 |
|
|
|a snk
|h ID 67621
|
| 958 |
|
|
|a DA
|
| 958 |
|
|
|a ONDV
|
| 999 |
|
|
|c 955635
|d 957565
|
| 952 |
|
|
|t Tlače 16. storočia
|a SNK
|b SNK
|c SNK_HF
|y PREZ
|7 0
|p 17A1359201
|o snkID 67621
|i snkF 1395/77
|0 0
|1 0
|4 0
|d 2021-08-10
|f 1
|l 0
|r 2026-02-24 10:02:06
|w 2026-02-24
|